| 000 | 00742nam a22002057a 4500 | ||
|---|---|---|---|
| 999 |
_c12020 _d12020 |
||
| 003 | AR-CdUCM | ||
| 008 | 190405b ||||| |||| 00| 0 spa d | ||
| 040 |
_aMUNICIPALIDAD PROVINCIAL DEL CUSCO _cBIBLIOTECA MUNICIPAL DEL CUSCO |
||
| 082 |
_a791.44 / _bU26 / 1946 |
||
| 100 |
_aUgarte y Ch. Guillermo _929671 |
||
| 245 |
_aEl radioteatro : _b(Nueva forma de expresión artística) / |
||
| 260 |
_aLima : _c1946. |
||
| 300 |
_a53 páginas ; _c23 cm. |
||
| 505 | _aContenido: El radioteatro, nueva forma de expresión artística -- La técnica radioteatral -- El radioteatro y la cultura. | ||
| 650 |
_aTeatro radial _929672 |
||
| 650 |
_aCultura _9126 |
||
| 650 |
_aTeatro peruano _92697 |
||
| 942 |
_2ddc _cLIBROS |
||
| 945 |
_adavv _d05/04/2019 |
||